000 02169nam a2200301 i 4500
001 000046285
003 DO-SdBNP
005 20230511135053.0
007 ta
008 110303s2022 dr 000 0 spa d
020 _a9789945250152
040 _aDO-SdBNP
_bspa
_cBNPHU
_erda
082 _a338.457291
_bT685c
_222
110 _983335
245 1 0 _aCrecimiento económico y transformaciones sociales :
_besclavos, hacendados y comerciantes en la Cuba colonial : 1760-1840 /
_cPablo Tornero Tinajero
264 _aSanto Domingo :
_bArchivo General de la Nación,
_c2022.
300 _a516 paginas. ;
_c24 cm.
336 _2rdacontent
_atexto
_btxt
337 _2rdamedia
_asin mediación
_bn
338 _2rdacarrier
_avolumen
_bnc
490 _aArchivo General de la Nación ;
_v439
505 _aPalabras para la presente edición / Roberto Cassá, 9.-- Introducción, 15.-- Capítulo I. La provisión de mano de obra esclava. Estado español y oligarquía criolla, 31.-- El apoyo político al desarrollo de la trata en Cuba, 34.-- La organización del tráfico negrero, 49.-- España y Cuba ante el problema de la abolición de la trata. Contradicciones y repercusiones en la oligarquía cubana, 108.-- Capítulo II. Caracteres demográficos de la esclavitud en Cuba, 153.-- Esclavitud y población en la isla de Cuba. Proporcionalidad y evolución general, 153.-- Demografía esclavista y producción, 160.-- Esclavitud y agricultura mixta, 178.-- Capítulo III. La producción azucarera cubana, 191.-- Los factores del cambio económico, 192.-- El despegue productor, 215.-- Producción. Mejora de las infraestructuras y renovación científica y técnica en el azúcar cubano, 237.-- Capítulo IV. El sistema económico azucarero. Factores de producción, 261.-- La tierra, 262.-- El trabajo, 277.-- El capital, 333.-- Capítulo V. El comercio exterior, 385.-- Planteamiento y estado de la cuestión, 385.-- El comercio en la economía de Cuba, 392.-- La estructura del comercio de Cuba, 398.-- Las condiciones del intercambio, 452.<br/>
590 _ainventariado, 2023 / DG
650 _961716
650 _983348
910 _aDG
942 _2ddc
_cLBS1
999 _c53492
_d53492